Effective communication at work : speaking and writing well in the modern workplace (Record no. 590624)

000 -LEADER
fixed length control field 00447nam a22001697a 4500
003 - CONTROL NUMBER IDENTIFIER
control field NUST
005 - DATE AND TIME OF LATEST TRANSACTION
control field 20220726102441.0
020 ## - INTERNATIONAL STANDARD BOOK NUMBER
International Standard Book Number 9781646115914
038 ## - RECORD CONTENT LICENSOR
Staff Name Azhar
082 ## - DEWEY DECIMAL CLASSIFICATION NUMBER
Classification number 658.45
Author Mark MCL
100 ## - MAIN ENTRY--PERSONAL NAME
Personal name Vicki McLeod
9 (RLIN) 95133
245 ## - TITLE STATEMENT
Title Effective communication at work : speaking and writing well in the modern workplace
Statement of responsibility, etc. Vicki McLeod
260 ## - PUBLICATION, DISTRIBUTION, ETC.
Place of publication, distribution, etc. California
Name of publisher, distributor, etc. Rockridge press
Date of publication, distribution, etc. 2020
300 ## - PHYSICAL DESCRIPTION
Extent 158p
563 ## - BINDING INFORMATION
Binding note PB
942 ## - ADDED ENTRY ELEMENTS (KOHA)
Source of classification or shelving scheme
Koha item type Lincoln Corner
Holdings
Withdrawn status Lost status Source of classification or shelving scheme Damaged status Not for loan Permanent Location Current Location Shelving location Date acquired Full call number Barcode Date last seen Price effective from Koha item type
          Central Library (CL) Central Library (CL) Lincoln Corner 07/26/2022 658.45 MCL LC-213 07/26/2022 07/26/2022 Reference
© 2023 Central Library, National University of Sciences and Technology. All Rights Reserved.